Normale Ansicht MARC-Ansicht ISBD

Istorija razvitija graždanskoj aviacii v Primorskom krae v 1955-1985 gg. (Titelsatznr. 50728)

[ MARC ]
MARC-Details
000 -Satzkennung
Kontrollfeld mit fester Länge 00720nam a22002531c 4500
001 - Kontrollnummer
Kontrollfeld a987667713
008 - Feld mit fester Länge zur physischen Beschreibung - Allgemeine Angaben
Kontrollfeld mit fester Länge 110621s1994 gw |||| 000u rus d
020 ## - Internationale Standardbuchnummer
Internationale Standardbuchnummer 5230050861
Verknüpfung 5-230-05086-1
041 ## - Sprachcode
Sprachcode des Textes/der Tonspur oder des separaten Titels rus
040 ## - Katalogisierungsquelle
Übertragungsstelle RU-10907106
003 - Kontrollnummer Identifier
Kontrollfeld RU-10907106
100 1# - Haupteintragung - Personenname
Personenname Škurin, Andrej S.
245 00 - Titel
Titel Istorija razvitija graždanskoj aviacii v Primorskom krae v 1955-1985 gg.
246 14 - Titelvarianten
Hauptsachtitel/Kurztitel The History of development of civil aviation in primorsky region in 1955 - 1985 years
264 ## - Produktion, Veröffentlichung, Distribution, Herstellung und Urheberrechtsvermerk
Herstellungs-, Veröffentlichungs- Vertriebs-, Erzeugungsort Vladivostok :
Produzent, Herausgeber, Distributor, Hersteller DVGTU,
Datum der Herstellung, der Veröffentlichung, des Vertriebs oder des Urheberschutzvermerks 1994
300 ## - Physische Beschreibung
Umfang 70 S.
650 #0 - Nebeneintragung unter einem Schlagwort - Sachschlagwort
Sachschlagwort oder geografischer Name als Eintragungselement Luftfahrt
650 #0 - Nebeneintragung unter einem Schlagwort - Sachschlagwort
Sachschlagwort oder geografischer Name als Eintragungselement Zivile Luftfahrt
650 #0 - Nebeneintragung unter einem Schlagwort - Sachschlagwort
Sachschlagwort oder geografischer Name als Eintragungselement Verkehr
650 #0 - Nebeneintragung unter einem Schlagwort - Sachschlagwort
Sachschlagwort oder geografischer Name als Eintragungselement Wirtschaft
651 #0 - Nebeneintragung unter einem Schlagwort - Geografischer Name
Geografischer Name Wladiwostok
651 #0 - Nebeneintragung unter einem Schlagwort - Geografischer Name
Geografischer Name Sibirien
942 ## - Zusätzliche Felder (Koha)
Koha-Medientyp Monographien
Exemplare
Ausgeschieden Verloren Klassifikation oder Aufstellungssystematik Beschädigt Nicht entleihbar Heimatbibliothek Aufenthaltsbibliothek Aufstellungsort Erwerbungsdatum Inventarnummer Signatur Barcode Letzte Aktivität Preis gültig von Koha-Medientyp
    Andere/Generische Klassifikation     MWN Osteuropa MWN Osteuropa Magazin - 2 21/06/2011 11-01095 R 64 q Sku E0040150790E6559 23/02/2021 22/03/2021 Monographien